Geography : E - Statistics

General Stats
  • This quiz has been taken 29 times
    3 since last reset
  • The average score is 20 of 107
Answer Stats
Hint Answer % Correct
Another name for Timor-Leste East Timor
100%
Country in South America Ecuador
100%
Line in the middle of the earth Equator
100%
One of the Great Lakes/City on its shores Erie
100%
Capital of Scotland Edinburgh
67%
City in Alberta with a million people Edmonton
67%
Country with the Pyramids, the Sphinx and the Nile Egypt
67%
Ireland in Irish Eire
67%
Large city in western Texas El Paso
67%
Central American country El Salvador
67%
Largest country in the United Kingdom England
67%
Language spoken there English
67%
Rich country in Central Africa Equatorial Guinea
67%
Country that touches the Red Sea Eritrea
67%
Country north of Latvia Estonia
67%
Country that was formerly called Swaziland Eswatini
67%
Country that the country above gained independence from Ethiopia
67%
City in western Oregon Eugene
67%
Marshlands in the south of Florida Everglades
67%
Largest region in Saudi Arabia Eastern
33%
Western suburb of Chicago Elgin
33%
City southwest of Newark Elizabeth
33%
City in the Masurian Lakes Elk
33%
Satellite city of Sacramento Elk Grove
33%
City to the east of South Bend Elkhart
33%
Large island in the Canadian Arctic Ellesmere
33%
Channel separating the UK and France English Channel
33%
Another name for the capital of Armenia Erevan
33%
City north of San Diego Escondido
33%
City just northwest of Helsinki Espoo
33%
Large city in the central Ruhr Essen
33%
Active volcano in eastern Sicily Etna
33%
Large river in Iraq and Syria, forming Mesopotamia Euphrates
33%
Continent where the Renaissance started Europe
33%
City in the south of Indiana Evansville
33%
City in southwestern UK Exeter
33%
Province in the south of South Africa Eastern Cape
0%
State in Java East Java
0%
State in Borneo East Kalimantan
0%
Second largest city in that province East London
0%
Another name for the Sea of Japan East Sea
0%
City in western Wisconsin Eau Claire
0%
City in southern Cameroon Ebolowa
0%
Neighboring city to Mexico City Ecatepec
0%
City in the north of Victoria Echuca
0%
City in northern Greece Edessa
0%
Canadian town on the border with Maine Edmundston
0%
Lake between Uganda and the DRC Edward
0%
The name country in its native language Eesti
0%
Coastal city in southern Israel Eilat
0%
Large city in the southern Netherlands Eindhoven
0%
Largest city in Burgenland Eisenstadt
0%
City east of the Ural mountains Ekaterinburg
0%
City in northeastern Kazakhstan Ekibastuz
0%
City in eastern Turkey resembling an inland peninsula Elazig
0%
City southeast of Tirana Elbasan
0%
River in northern Germany Elbe
0%
City southeast of Gdansk Elblag
0%
Tallest mountain in Russia Elbrus
0%
City in western Kenya Eldoret
0%
Largest city in Kalmykia Elista
0%
Remote town in Nevada Elko
0%
German name for Alsace Elsass
0%
City between Rajahmundry and Vijayawada Eluru
0%
Town northeast of Cambridge Ely
0%
City in northwest Germany Emden
0%
City in inner Queensland Emerald
0%
Large region in northern Italy Emilia
0%
City in the northeast of the Netherlands Emmen
0%
Paraguayan city opposite Posadas Encarnacion
0%
City in northern Oklahoma Enid
0%
City in the Netherlands bordering Germany Enschede
0%
City in Baja California Ensenada
0%
City in Hubei Enshi
0%
City south of Kampala where Uganda's largest airport is located Entebbe
0%
State in eastern Argentina Entre Rios
0%
City in southeastern Nigeria Enugu
0%
City in eastern France Epinal
0%
Mountainous region in northwestern Greece Epirus
0%
Kurdish city in northern Iraq Erbil
0%
Northern Mongol city Erdenet
0%
Mountain in Antarctica Erebus
0%
Chinese city on the border with Mongolia Erenhot
0%
Largest city in Thuringia Erfurt
0%
City in northern Somaliland Erigavo
0%
City north of Nuremberg Erlangen
0%
City next to Kochi Ernakulam
0%
City between Salem and Coimbatore Erode
0%
City in the remote deserts of Morocco Errachidia
0%
City west of the city above Erzincan
0%
City in northeastern Turkey Erzurum
0%
City in northern Michigan Escanaba
0%
Town in southern Luxembourg Esch
0%
City west of Ankara Eskisehir
0%
State in eastern Brazil Espirito Santo
0%
City on the Atlantic coast of Morocco Essaouira
0%
River in Guyana Essequibo
0%
City between Agra and Kanpur Etawah
0%
German-inhabited region of eastern Belgium Eupen-Malmedy
0%
City in northwestern California Eureka
0%
Northern suburb of Chicago Evanston
0%
Satellite city north of Seattle Everett
0%
City in southern Portugal Evora
0%
State in southwestern Spain Extremadura
0%
Town in northeastern Somalia Eyl
0%
Largest lake in Australia Eyre
0%
City in South Sudan, on the border with the CAR Ezo
0%
No matching quizzes found
Score Distribution
Percent of People with Each Score
Percentile by Number Answered
Your Score History
You have not taken this quiz since the last reset